000 01018nam a2200253 a 4500
005 20140811154803.0
008 120929s2010 ck a gr 00010 spa d
015 _ack-2010-xxxx
020 _a9789588491486
041 0 _aspa
043 _as-ck---
044 _ack
082 0 4 _a363.7278
_bL64l
245 0 0 _aLineamientos técnicos para el manejo de residuos de aparatos eléctricos y electrónicos.
_cMinisterio de Ambiente, Vivienda y Desarrollo Territorial
260 _aBogotá :
_bMinisterio de Ambiente, Vivienda y Desarrollo Territorial. Viceministerio de Ambiente,
_c2010.
300 _a99 p. :
_bil. ;
_c28 cm.
504 _aIncluye referencia bibliográfica (96 - 97).
650 4 _aResiduos de equipos eléctricos y electrónicos.
_925430
650 4 _aConversión de residuos electrónicos.
_925431
650 4 _aResiduos de equipos eléctricos y electrónicos
_x Legislación
_z Colombia.
_925432
650 4 _aResiduos electrónicos
_z Colombia.
_925433
942 _2ddc
_cLIBRO
949 _a
999 _c8599
_d8599